Encanto lyrics - Statistics

General Stats
  • This quiz has been taken 86 times
  • The average score is 9 of 15
Answer Stats
Hint Answer % Correct
What else can _ do? I
93%
Why did I talk about _____? Bruno
88%
Yep, he ___ your dreams and feasts on your screams! sees
86%
Always left ____ and the family fumbling Abuela
80%
____ be upset or mad at all Don't
78%
I'm sorry, ____ ___, go on mi vida
68%
Colombia, Mi _____ Encanto
64%
Pepa, I'm sorry ____ your wedding, didn't mean to be upsettin' bout
51%
A hurricane of _____ Jacarandas
51%
I associate him with the sound of falling sand __ __ __ ch ch ch
48%
I take what I'm handed, _ ____ ____ _____ I break what's demanded
48%
____ here! He's
42%
The path is clearer cause you're here, and ,___, I owe this all to you! well
32%
______! Thunder
22%
Dos oruguitas, _____ pasan sus noches y madrugadas enamoradas
14%
No matching quizzes found
Score Distribution
Percent of People with Each Score
Percentile by Number Answered
Your Score History
You have not taken this quiz